Law, Legitimacy and European Governance : Functional Participation in Social Regulation /

Gardado en:
Detalles Bibliográficos
Autor Principal: Smismans, Stijn (autor)
Formato: Libro
Idioma:inglés
Series:(Oxford Studies in European Law)
Temas:
Etiquetas: Engadir etiqueta
Sen Etiquetas, Sexa o primeiro en etiquetar este rexistro!

MARC

LEADER 00000nam^a2200000^a^4500
001 000191832
005 20250521000000.0
009 20260310102542.825
020 |a 0-19-927030-9 
037 |a Acervo ITESO - Biblioteca 
041 |a ING 
082 |a 323. 042  |b SMI 
100 |a Smismans, Stijn  |e (autor) 
245 1 0 |a Law, Legitimacy and European Governance :  |b Functional Participation in Social Regulation /  |c S. Smismans. 
264 |a Nueva York, EUA : 
336 |a texto  |b txt  |2 rdacontenido 
337 |a sin mediación  |b n  |2 rdamedio 
338 |a volumen  |b nc  |2 rdasoporte 
440 1 |a (Oxford Studies in European Law) 
649 |a XX 
650 |a Legitimidad e Ilegitimidad 
650 |a Representación Política -  |z Europa 
650 |a Participación Política -  |z Europa 
650 |a Participación Social -  |z Europa -  |x Tema Principal 
650 |a Derechos Civiles -  |z Europa -  |x Tema Principal 
650 |a Derechos Políticos -  |z Europa 
650 |a Derecho Social -  |z Europa 
650 |a Democracia -  |z Europa 
650 |a Política -  |z Europa 
910 |a Fondo General 
920 |a Impresos - Libros 
930 |a Colección General 
905 |a 101 
901 |a 0500135411  |b IT1  |c ACC  |u 20250521 
902 |a https://opac.biblio.iteso.mx/vufind/Record/000191832